LEADER 01252nam0-22004571i-450- 001 990000025050403321 005 20120213190249.0 035 $a000002505 035 $aFED01000002505 035 $a(Aleph)000002505FED01 035 $a000002505 100 $a20020821d1970----km-y0itay50------ba 101 0 $aita 102 $aIT 105 $ay-------001yy 200 1 $aAppunti di meccanica razionale$fFrancesco Stoppelli 205 $aNuova ed. 210 $aNapoli$cLiguori$d1970 215 $a532 p.$cill.$d23 cm 610 0 $aMeccanica razionale 676 $a531.01 700 1$aStoppelli,$bFrancesco 801 0$aIT$bUNINA$gRICA$2UNIMARC 901 $aBK 912 $a990000025050403321 952 $a02 8 E 1$b1338$fFINBN 952 $a02 8 E 2$b1339$fFINBN 952 $a02 8 E 3$b1340$fFINBN 952 $a02 8 E 4$b1341$fFINBN 952 $a02 8 E 5$b1342$fFINBN 952 $a02 8 E 6$b1343$fFINBN 952 $a02 8 E 7$b1330$fFINBN 952 $a02 8 E 8$b1335$fFINBN 952 $a02 8 E 9$b1336$fFINBN 952 $a02 8 E 10$b1337$fFINBN 952 $a13 02 11$b403$fFINBC 952 $a13 A 33 05$b27799$fFINBC 952 $a13 X 65$b28133$fFINBC 959 $aFINBC 959 $aFINBN 997 $aUNINA LEADER 02017nam 2200313 450 001 996636272803316 005 20250528120306.0 010 $a978-2-7574-3365-2 100 $a20250101d2021----km y0itay5003 ba 101 0 $afre 102 $aFR 105 $ay 00 y 200 1 $a<<"Les>> satisfaits"$eGuizot et sa majorité à la Chambre des députés (1846-1848)$fVincent Chai 210 $aVilleneuve-d'Ascq$cPresses universitaires du Septentrion$d2021 215 $a395 p.$d24 cm 225 2 $aHistoire et civilisations 300 $aBasato sulla tesi di dottorato dell'autore 330 $aLa révolution de 1848 a des origines politiques: le refus de la réforme électorale par le roi Louis- Philippe et son ministre Guizot. Or sous la monarchie de Juillet, la Chambre des députés avait aussi son mot à dire. Les députés étaient désignés par une minorité d'électeurs censitaires et accordaient leur confiance aux ministres du roi. Il s?est trouvé qu?en 1846, les élections législatives donnèrent au gouvernement une solide majorité parlementaire. Et celle-ci partagea les vues du roi sur la réforme électorale. Toute la question est donc de savoir si les élections ne furent pas corrompues et si ces députés une fois élus soutinrent Guizot sans menace ou intimidation. L?étude montre que l?osmose était profonde entre cette majorité et le gouvernement de Louis- Philippe au point qu?on peut se demander si ce n?était pas elle qui imposait ses vues à ce dernier. Aussi par dérision, la presse d?opposition qualifia ces députés ministériels de «satisfaits». (Fonte: editore) 410 0$12001$aHistoire et civilisations 606 0 $aFrancia : Chambre des députés$z1846-1848$2BNCF 676 $a328.44072 700 1$aCHAI,$bVincent$f<1965- >$01458705 801 0$aIT$bcba$gREICAT 912 $a996636272803316 951 $aX.3.B. 8904$b291974 L.M.$cX.3.$d570228 959 $aBK 969 $aUMA 996 $aSatisfaits"$94383838 997 $aUNISA